| 000 | 01556nam a2200349Ia 4500 | ||
|---|---|---|---|
| 001 | ebr10427253 | ||
| 003 | CaPaEBR | ||
| 006 | m u | ||
| 007 | cr cn||||||||| | ||
| 008 | 101120s2008 enk sb 001 0 eng d | ||
| 020 | _z9780567041944 | ||
| 040 |
_aCaPaEBR _cCaPaEBR |
||
| 035 | _a(OCoLC)698122637 | ||
| 050 | 1 | 4 |
_aBS2555.52 _b.B512 2008eb |
| 245 | 0 | 0 |
_aBiblical interpretation in early Christian Gospels. _nVolume 2, _pThe Gospel of Matthew _h[electronic resource] / _cedited by Thomas R. Hatina. |
| 260 |
_aLondon ; _aNew York : _bT & T Clark, _cc2008. |
||
| 300 | _axii, 232 p. | ||
| 490 | 1 |
_aLibrary of New Testament studies ; _v310 |
|
| 490 | 1 |
_aStudies in scripture in early Judaism and Christianity ; _vv. 16 |
|
| 490 | 1 | _aT & T Clark library of biblical studies | |
| 504 | _aIncludes bibliographical references and indexes. | ||
| 533 |
_aElectronic reproduction. _bPalo Alto, Calif. : _cebrary, _d2013. _nAvailable via World Wide Web. _nAccess may be limited to ebrary affiliated libraries. |
||
| 630 | 0 | 0 |
_aBible. _pN.T. _pGospels _xCriticism, interpretation, etc. |
| 630 | 0 | 0 | _aApocryphal gospels. |
| 655 | 7 |
_aElectronic books. _2local |
|
| 700 | 1 | _aHatina, Thomas R. | |
| 710 | 2 | _aebrary, Inc. | |
| 830 | 0 |
_aLibrary of New Testament studies ; _v310. |
|
| 830 | 0 |
_aStudies in scripture in early Judaism and Christianity ; _vv. 16. |
|
| 830 | 0 | _aT & T Clark library of biblical studies. | |
| 856 | 4 | 0 |
_uhttp://site.ebrary.com/lib/rucke/Doc?id=10427253 _zAn electronic book accessible through the World Wide Web; click to view |
| 999 |
_c240359 _d240359 |
||